000 00870nam a22002297a 4500
005 20140903092207.0
008 130821n ck f | spa d
040 _aCo-BoUCM
_bspa
_cJose A. Gerena (modificó)
_d[Nuevo]
041 0 0 _aspa
092 _aCDM 0054
100 1 _aEspinosa Garcia, Héctor
_939141
245 1 0 _aErrores innatos del metabolismo
_cHéctor Espinosa García, José Hernando Morales, Alfonso Spath
_hCD-ROM
260 _a[Bogotá]
_bDiagnosticos Especializados S.A.
_c[s.f.]
300 _a1 CD-ROM
_bilustraciones y gráficas
650 4 _aErrores innatos del metabolismo
_915925
_vCD-ROM
650 7 _aMedicina interna
_919165
_vCD-ROM
650 7 _aMetabolismo
_9288
_vCD-ROM
690 _aMedicina interna
700 1 _aMoreles, José Hernando
_939142
700 1 _aSpath, Alfonso
_939143
942 _cMULTIMEDIA
_2LOCAL
_a15
_e1
_hCDM 0054
999 _c83239
_d83239